000
00313 a2200145 4500
001
155670
040
_c
Escola São Tomás de Aquino
100
_a
BANDEIRA, Manuel
240
1
0
_a
Manuel Bandeira
_l
por
245
1
0
_a
Manuel Bandeira
300
_a
104
362
0
_a
1981
697
_a
GENERALIDADES
942
_c
BK
999
_c
155670
_d
155670